000 00505nam a22001817a 4500
005 20240611065608.0
008 240611b |||||||| |||| 00| 0 eng d
020 _a9788190676045
082 _222
_a331
_bSEL
100 _aChanda, Ipshita
245 _aSelfing the city
_bSingle women migrants and their lives kolkata
_cIpshita, chanda
250 _a1 st
260 _aNew Delhi
_bSAGE Publication India Pvt Ltd
_c2017
300 _axi, 322 p .,
650 _aWoman
650 _aEmpowerment
942 _cL
999 _c5892
_d5892